000 00388 a2200133 4500
001 92283
082 _aPR 2535
090 _c44231
_d44230
100 _aSarmad Ali; Prof Manzar Abbas and Zameer Wajid (Advisors)
245 _aDevelopment of Software to Automate Analyze FDCVR Data of F-7
_c78 "B" EC
260 _aIslamabad
_bNUST
_c2015
300 _a70p.
500 _aBE Project Reports
942 _aCAE NUST
_kPR 2535
999 _c327356
_d327356